| 000 | 00395nam a2200157Ia 4500 | ||
|---|---|---|---|
| 008 | 230312s9999||||xx |||||||||||||| ||und|| | ||
| 020 | _a1-904235-25-5 | ||
| 082 |
_a681.6 _bFRA-C |
||
| 100 | _aFraser,Sarah.W | ||
| 245 | 0 | _aCoping with Calamities | |
| 260 |
_bKingsham Press _aUK _c2004 |
||
| 300 | _a92 | ||
| 546 | _aEng. | ||
| 650 |
_aManagement _vSurvival Strategies for Leaders |
||
| 942 | _cBK | ||
| 999 |
_c6592 _d6592 |
||